[Event "Nakhchivan Open 2017"]
[Site "Nakhchivan AZE"]
[Date "2017.05.10"]
[Round "8.8"]
[White "Sevdimaliev,U"]
[Black "Abasov,N"]
[Result "0-1"]
[WhiteElo "2366"]
[BlackElo "2575"]

1.e4 c5 2.Nf3 Nc6 3.c3 Nf6 4.e5 Nd5 5.d4 cxd4 6.cxd4 d6 7.Bc4 dxe5 8.dxe5 Be6
9.O-O g6 10.Ng5 Bg7 11.Nxe6 fxe6 12.f4 Qb6+ 13.Kh1 Rd8 14.Qg4 Nd4 15.Bxd5 exd5
16.Nc3 Nc2 17.Rb1 d4 18.Ne4 O-O 19.Bd2 Ne3 20.Bxe3 dxe3 21.Ng5 Rf5 22.Qe2 Rd4
23.Qxe3 Rdxf4 24.Qe2 Qxb2 25.Qd3 Rxf1+ 26.Rxf1 Rxf1+ 27.Qxf1 Qxa2 {#R} 0-1

[Event "Copenhagen CC 2017"]
[Site "Ballerup DEN"]
[Date "2017.05.14"]
[Round "8.11"]
[White "Hoi,C"]
[Black "Rostgaard,T"]
[Result "1-0"]
[WhiteElo "2368"]
[BlackElo "2366"]

1.d4 Nf6 2.c4 e6 3.Nc3 Bb4 4.e3 O-O 5.Bd3 d5 6.Ne2 c5 7.O-O cxd4 8.exd4 dxc4
9.Bxc4 Nbd7 10.a3 Be7 11.Nf4 Nb6 12.Bb3 Re8 13.Qd3 Bd7 14.Re1 Bc6 15.Rxe6 fxe6
16.Bxe6+ Kh8 17.Qh3 g5 18.Ng6+ Kg7 19.Bxg5 h5 20.Ne5 Nh7 21.Qxh5 {#r} 1-0

[Event "16th Asian Continental w"]
[Site "Chengdu CHN"]
[Date "2017.05.14"]
[Round "3.8"]
[White "Hoang Thi Bao Tram"]
[Black "Pratyusha,B"]
[Result "1-0"]
[WhiteElo "2371"]
[BlackElo "2269"]

1.d4 Nf6 2.c4 e6 3.Nc3 Bb4 4.Qc2 d5 5.Bg5 h6 6.Bh4 dxc4 7.e3 c5 8.dxc5 Qa5
9.Bxc4 Qxc5 10.Bb3 Nbd7 11.Ne2 O-O 12.O-O b6 13.Rfd1 Bb7 14.Ba4 Qh5 15.Bg3 Ne5
16.Nf4 Qg4 17.Bb5 Rfd8 18.Be2 Qf5 19.Qxf5 exf5 20.Nh5 Neg4 21.Nxf6+ Nxf6 22.a3
Be7 23.Bc7 Rxd1+ 24.Rxd1 Rc8 25.Be5 Rd8 26.Rxd8+ Bxd8 27.Nb5 a5 28.Nd6 Be4
29.Bc4 Kf8 30.Nxf7 Be7 31.Nd6 Nd7 32.Bg3 Nc5 33.Nxe4 Nxe4 34.Be5 Bf6 35.Bxf6
Nxf6 36.f3 Ke7 37.Kf2 Kd6 38.Ke2 Ke5 39.Kd3 g5 40.Kc3 f4 41.exf4+ gxf4 42.Bf7
b5 43.b4 a4 44.Kd3 h5 45.g3 h4 46.gxh4 Kf5 47.Kd4 Nd7 48.Bd5 Ne5 49.Kc5 {#r}
1-0

[Event "16th Asian Continental w"]
[Site "Chengdu CHN"]
[Date "2017.05.12"]
[Round "1.5"]
[White "Hoang Thi Bao Tram"]
[Black "Zhao,Shengxin"]
[Result "1-0"]
[WhiteElo "2371"]
[BlackElo "2155"]

1.d4 d5 2.c4 c6 3.Nf3 e6 4.e3 Nf6 5.b3 Nbd7 6.Bb2 Bd6 7.Bd3 O-O 8.Nbd2 b6
9.O-O Bb7 10.Qe2 c5 11.cxd5 exd5 12.Ne5 Qe7 13.Ndf3 a5 14.a4 Ne4 15.Nxd7 Qxd7
16.Ne5 Qe7 17.f3 Nf6 18.Bb5 Rac8 19.Qd3 Rc7 20.Rf2 Rfc8 21.Re2 Ne8 22.Qf5 f6
23.Nd7 g6 24.Qh3 c4 25.bxc4 dxc4 26.Nxb6 c3 27.Bc1 Rb8 28.e4 Bc8 29.Nxc8 Rcxc8
30.f4 c2 31.Qd3 Qc7 32.e5 fxe5 33.fxe5 Bb4 34.Ra2 Qc3 35.Raxc2 Qxd3 36.Bxd3
Bc3 37.Be3 {#r} 1-0

[Event "TCh-BLR 2017"]
[Site "Minsk BLR"]
[Date "2017.05.10"]
[Round "3.2"]
[White "Mochalov,E"]
[Black "Lutsko,I"]
[Result "0-1"]
[WhiteElo "2378"]
[BlackElo "2330"]

1.d4 Nf6 2.c4 e6 3.g3 Bb4+ 4.Bd2 Qe7 5.Bg2 Nc6 6.e3 b6 7.d5 exd5 8.cxd5 Ne5
9.d6 Qxd6 10.Bxa8 Ba6 11.Bxb4 Nd3+ 12.Qxd3 Qxd3 13.Bg2 Qc2 14.Nd2 Qxb2 15.Rb1
Qc2 16.Ne2 Ng4 17.Be4 Qxa2 18.Bc3 Qe6 19.Bxg7 Rg8 20.Bc3 Rg5 21.Bf3 Ne5
22.Bxe5 Rxe5 23.O-O Ra5 24.Nf4 Qe5 25.Rfd1 Ra2 26.Ne4 Bc4 27.Nd5 Kd8 28.Nb4
Qf5 29.Bg2 Ra3 30.Nc6+ Ke8 31.Nd4 Qg6 32.Nb5 Bxb5 33.Rxb5 f5 34.Nd2 Rd3 35.Bf1
Rd6 36.Rbb1 Qh5 37.Kg2 a5 38.Nf3 Rxd1 39.Rxd1 c6 40.Rd4 Qh6 41.Nh4 Qf6 42.Rf4
b5 43.Nxf5 a4 44.Nd4 Qd6 45.Be2 b4 46.Nf5 Qd2 47.Bh5+ Kd8 48.Rd4 Qc3 49.Nd6 a3
50.Bf7 b3 51.Ra4 a2 52.Ne4 Qc1 53.Ra8+ Ke7 54.Bxb3 a1=Q 55.Rxa1 Qxa1 56.Ng5 d5
57.h4 Qb1 58.Ba4 c5 59.Nf3 Qe4 60.Bd1 Qd3 61.Ba4 Kd6 62.Be8 Qe4 63.Bb5 c4
64.Ba4 c3 65.Bb3 Kc5 66.Bd1 Qd3 67.Bb3 Kb4 68.Nd4 Qxd4 {#R} 0-1

[Event "TCh-BLR 2017"]
[Site "Minsk BLR"]
[Date "2017.05.09"]
[Round "2.2"]
[White "Mochalov,E"]
[Black "Aleksandrov,A"]
[Result "0-1"]
[WhiteElo "2378"]
[BlackElo "2559"]

1.d4 Nf6 2.c4 e6 3.g3 d5 4.Bg2 dxc4 5.Nf3 a6 6.Ne5 Bb4+ 7.Nc3 Nd5 8.Bd2 b5
9.O-O Bxc3 10.bxc3 O-O 11.a4 f6 12.Ng4 Bb7 13.Qb1 h5 14.Ne3 Nxe3 15.Bxb7 Nxf1
16.Kxf1 Ra7 17.Bf3 c6 18.Bxh5 f5 19.Qc1 Nd7 20.Bf3 Qc8 21.Bf4 Nf6 22.Bd6 Rd8
23.Bc5 Rf7 24.Bb6 Re8 25.Bc5 e5 26.dxe5 Rxe5 27.Bd4 Re8 28.Qg5 Ne4 29.Bxe4
Rxe4 30.f3 Re8 31.Bc5 Qe6 32.Ra2 Qd5 33.Be3 b4 34.Rd2 Qe6 35.Bd4 c5 36.Bxc5
bxc3 37.Ra2 c2 {#R} 0-1

[Event "16th Asian Continental w"]
[Site "Chengdu CHN"]
[Date "2017.05.13"]
[Round "2.16"]
[White "Padmini,R"]
[Black "Mukhit,Aisezym"]
[Result "1-0"]
[WhiteElo "2380"]
[BlackElo "2034"]

1.e4 d5 2.exd5 Qxd5 3.Nc3 Qd6 4.d4 c6 5.Nf3 Bg4 6.Be3 e6 7.h3 Bxf3 8.Qxf3 Qc7
9.O-O-O Nf6 10.Kb1 Nbd7 11.g4 h6 12.h4 Nb6 13.a4 Nbd5 14.Nxd5 Nxd5 15.c4 Nb6
16.Be2 O-O-O 17.Bf4 Qd7 18.Bg3 Na8 19.d5 exd5 20.cxd5 c5 21.d6 Nb6 22.Qa3 Nxa4
23.Rd2 g6 24.Bd1 Qc6 25.Qxa4 {#r} 1-0

[Event "TCh-BLR 2017"]
[Site "Minsk BLR"]
[Date "2017.05.09"]
[Round "2.1"]
[White "Meribanov,V"]
[Black "Stetsko,L"]
[Result "1-0"]
[WhiteElo "2385"]
[BlackElo "2202"]

1.Nf3 Nf6 2.c4 e6 3.Nc3 d5 4.e3 a6 5.b3 Bd6 6.Bb2 O-O 7.Be2 b6 8.O-O Bb7 9.d4
Nbd7 10.Qc2 Ne4 11.Nxe4 dxe4 12.Ne5 Bxe5 13.dxe5 Qg5 14.Qc3 a5 15.c5 Nxc5
16.Ba3 Bd5 17.Bb5 c6 18.Bxc5 bxc5 19.Ba4 f5 20.exf6 Rxf6 21.Qxc5 Rg6 22.g3 Qg4
23.Rfd1 Qh3 24.Bxc6 Rf8 25.Bxd5 Rh6 26.Bxe6+ Rxe6 27.Rd6 Rxd6 28.Qxd6 Rxf2
29.Qd5+ Kf8 30.Qc5+ Ke8 31.Qb5+ Ke7 32.Qe5+ Kf7 33.Kxf2 Qxh2+ 34.Ke1 Qg1+
35.Kd2 Qf2+ 36.Kc3 Qxe3+ 37.Kc4 {#r} 1-0

[Event "Nakhchivan Open 2017"]
[Site "Nakhchivan AZE"]
[Date "2017.05.11"]
[Round "9.10"]
[White "Abdulov,Or"]
[Black "Muradli,Mahammad"]
[Result "1-0"]
[WhiteElo "2388"]
[BlackElo "2325"]

1.e4 c5 2.Nf3 d6 3.d4 cxd4 4.Nxd4 Nf6 5.Nc3 a6 6.h3 e6 7.g4 Be7 8.g5 Nfd7
9.Bg2 O-O 10.h4 Nc6 11.Be3 Nde5 12.Qe2 Nxd4 13.Bxd4 Nc6 14.Be3 b5 15.f4 Bd7
16.a4 b4 17.Nd1 Qa5 18.O-O d5 19.exd5 exd5 20.f5 d4 21.f6 dxe3 22.fxe7 Rfe8
23.Nxe3 Rxe7 24.Qf2 Rf8 25.Rad1 Ne5 26.Nd5 Ree8 27.b3 Bc6 28.Rfe1 Bxd5 29.Bxd5
Qc7 30.Rd4 Qc5 31.Kg2 Re7 32.Rd2 Qa5 33.Qg3 Ng6 34.Rxe7 Nxe7 35.Bc4 Nf5 36.Qf4
g6 37.h5 Qb6 38.Re2 Qc6+ 39.Kh2 a5 40.Bd3 Ng7 41.h6 Nh5 42.Qe4 Qc7+ 43.Qe5 Qc8
44.Re4 Qd8 45.Bc4 Qd2+ 46.Kh3 Qd1 47.Bxf7+ Rxf7 48.Qh8+ {#r} 1-0

[Event "Nakhchivan Open 2017"]
[Site "Nakhchivan AZE"]
[Date "2017.05.09"]
[Round "7.9"]
[White "Abdulov,Or"]
[Black "Balajayeva,Khanim"]
[Result "1-0"]
[WhiteElo "2388"]
[BlackElo "2241"]

1.d4 d5 2.c4 e6 3.Nc3 Nf6 4.Nf3 c5 5.cxd5 exd5 6.Bg5 Nc6 7.e3 Be6 8.Bb5 Bd6
9.O-O O-O 10.dxc5 Bxc5 11.Bxf6 Qxf6 12.Nxd5 Qxb2 13.Nc7 Rac8 14.Nxe6 fxe6
15.Bc4 Rcd8 16.Bxe6+ Kh8 17.Qc1 Qxc1 18.Raxc1 Be7 19.Rfd1 Bf6 20.Kf1 g6 21.Ke2
Ne5 22.Rxd8 Rxd8 23.Nd4 Nc6 24.Nxc6 bxc6 25.Rxc6 Rb8 26.Ra6 Rb6 27.Rxb6 axb6
28.f4 Kg7 29.Kf3 Bc3 30.e4 h6 31.e5 h5 32.a4 g5 33.g3 gxf4 34.gxf4 Kg6 35.Bd7
Bb2 36.Be8+ Kh6 37.Ke4 h4 38.Kd5 Bc1 39.f5 Kg7 40.f6+ Kf8 41.Bg6 Bb2 42.Ke6
Bc3 43.Kf5 {#r} 1-0

[Event "ch-ISL 2017"]
[Site "Hafnarfjordur ISL"]
[Date "2017.05.15"]
[Round "5.2"]
[White "Kjartansson,Dav"]
[Black "Birkisson,Bardur Orn"]
[Result "1-0"]
[WhiteElo "2389"]
[BlackElo "2162"]

1.e4 e5 2.Nf3 Nc6 3.Nc3 Nf6 4.Bb5 Bd6 5.d3 h6 6.h3 a6 7.Ba4 O-O 8.g4 b5 9.Bb3
Na5 10.Be3 Re8 11.g5 hxg5 12.Nxg5 Nxb3 13.axb3 Bb4 14.Qf3 d5 15.O-O-O c6
16.Ne2 Qa5 17.Kb1 dxe4 18.dxe4 Be6 19.Ng3 Be7 20.Rdg1 c5 21.Nh5 Nxh5 22.Qxh5
Bxg5 23.Qxg5 g6 24.Qf6 Qd8 25.Rxg6+ fxg6 26.Qxg6+ Kf8 27.Bh6+ Ke7 28.Bg5+ Kd7
29.Rd1+ Kc7 30.Bxd8+ Raxd8 31.Rxd8 Kxd8 32.Qf6+ {#r} 1-0

[Event "ch-ISL 2017"]
[Site "Hafnarfjordur ISL"]
[Date "2017.05.13"]
[Round "3.3"]
[White "Kjartansson,Dav"]
[Black "Kjartansson,G"]
[Result "0-1"]
[WhiteElo "2389"]
[BlackElo "2437"]

1.d4 Nf6 2.Bg5 d5 3.Bxf6 exf6 4.Nf3 Be7 5.e3 O-O 6.Bd3 b6 7.O-O c5 8.dxc5 bxc5
9.c4 Bb7 10.cxd5 Qxd5 11.Nc3 Qe6 12.Qb3 Bxf3 13.gxf3 Nd7 14.Rfd1 Ne5 15.Qxe6
fxe6 16.f4 Nxd3 17.Rxd3 f5 18.Rc1 Rfd8 19.Rxd8+ Rxd8 20.Rc2 Kf7 21.Kf1 h6
22.Na4 Rd1+ 23.Ke2 Ra1 24.a3 Rb1 25.Kf3 Kg6 26.Rc3 Kh5 27.Rc2 Kg6 28.Nxc5 Bxc5
29.Rxc5 Rxb2 30.Rc7 a5 31.Rc5 a4 32.Rc4 Ra2 33.Rxa4 Kh5 34.Ra6 Kh4 35.Kg2 Ra1
36.a4 Kh5 37.a5 g6 38.Ra8 Kg4 39.a6 Ra2 40.a7 Kh5 41.Kf3 Ra1 42.Ke2 Ra2+
43.Kf3 Ra1 44.h3 Ra2 45.Kg3 Ra6 46.f3 Ra3 47.Kf2 Kh4 48.e4 Ra2+ 49.Ke3 Kg3
50.Rg8 Ra3+ 51.Kd4 Rxa7 52.Rxg6+ Kxf3 53.exf5 exf5 54.Rxh6 Kxf4 55.Kd3 Kf3
56.Kd4 f4 57.h4 Rf7 58.Ke5 Kg4 59.Ke6 Ra7 60.Ke5 f3 61.Rf6 Re7+ 62.Kd4 Kg3
63.h5 f2 64.h6 Kg2 65.Rg6+ Kf3 66.Rg7 Re8 67.Rf7+ Ke2 68.h7 f1=Q {#R} 0-1

[Event "TCh-RUS Major League 2017"]
[Site "Sochi RUS"]
[Date "2017.05.09"]
[Round "8.2"]
[White "Barskij,V"]
[Black "Ofitserian,Boris"]
[Result "0-1"]
[WhiteElo "2389"]
[BlackElo "2391"]

1.e4 c5 2.Nf3 d6 3.Bb5+ Nd7 4.c3 Nf6 5.Qe2 a6 6.Ba4 b5 7.Bc2 Bb7 8.O-O e5 9.d4
Be7 10.a4 O-O 11.Rd1 Qb6 12.Bg5 h6 13.Bh4 Rfe8 14.axb5 axb5 15.Rxa8 Bxa8
16.dxe5 dxe5 17.b3 Bc6 18.Nbd2 Bf8 19.Nf1 Qb7 20.N3d2 Ra8 21.Ne3 g6 22.g4 Ra2
23.f3 Nh7 24.Bb1 Ra3 25.Bg3 Ng5 26.Kg2 Ne6 27.Nd5 Bd6 28.Qd3 Kg7 29.h4 c4
30.bxc4 b4 31.Rc1 Ndc5 32.Qf1 b3 33.Nb4 Nf4+ 34.Kh2 Na4 35.Bxf4 exf4 36.Qd3 b2
37.Qd4+ Kg8 38.Rc2 Bxb4 39.cxb4 Qxb4 40.Qd8+ Qf8 41.Qf6 Qc5 42.Qxf4 Qf2+
43.Kh3 h5 44.Qf6 hxg4+ 45.Kxg4 Bd7+ 46.Kg5 Qe3+ 47.f4 Qc5+ {#R} 0-1

[Event "Zahoracky IM 2017"]
[Site "Senica SVK"]
[Date "2017.05.10"]
[Round "3.4"]
[White "Komliakov,V"]
[Black "Haring,V"]
[Result "1-0"]
[WhiteElo "2394"]
[BlackElo "2282"]

1.e4 c5 2.Nf3 Nc6 3.Bb5 e6 4.Bxc6 bxc6 5.d3 Ne7 6.Qe2 Ng6 7.h4 h5 8.e5 Qc7
9.Nbd2 f6 10.Nc4 Ba6 11.Qe4 Kf7 12.Bf4 Bxc4 13.dxc4 d5 14.exd6 Bxd6 15.Bxd6
Qxd6 16.Rd1 Qc7 17.O-O Rad8 18.Rfe1 Rd6 19.b4 Rhd8 20.Rxd6 Qxd6 21.bxc5 Qd7
22.Re3 Qc8 23.Ng5+ fxg5 24.Rf3+ Kg8 25.Qxg6 Rd1+ 26.Kh2 Qc7+ 27.g3 gxh4
28.Qe8+ Kh7 29.Qxh5+ Kg8 30.Qe8+ Kh7 31.Rf8 hxg3+ 32.fxg3 Rd2+ 33.Kh3 Kh6
34.Rh8+ Kg5 35.Qh5+ Kf6 36.Rf8+ Ke7 37.Qf7# 1-0

[Event "TCh-BLR 2017"]
[Site "Minsk BLR"]
[Date "2017.05.12"]
[Round "5.2"]
[White "Podolchenko,E"]
[Black "Kusenkova,Natal"]
[Result "1-0"]
[WhiteElo "2398"]
[BlackElo "2062"]

1.Nf3 Nf6 2.c4 e6 3.d4 d5 4.Nc3 Be7 5.Bg5 O-O 6.e3 h6 7.Bh4 b6 8.Bxf6 Bxf6
9.cxd5 exd5 10.Qb3 Be6 11.Rd1 Qd6 12.Be2 Rd8 13.O-O c5 14.dxc5 bxc5 15.Qa3 Qe7
16.Rd2 Bxc3 17.Qxc3 Nd7 18.Rc1 Rac8 19.Qa3 Rc7 20.Nd4 Rb8 21.Qa5 Rb6 22.b4 c4
23.a3 Nf6 24.Bf3 Rcb7 25.Rdd1 Qc7 26.h3 Qc8 27.Qa4 Nd7 28.e4 Ne5 29.exd5 Bxh3
30.Re1 Nxf3+ 31.Nxf3 Qg4 32.Qe8+ Kh7 33.Qe4+ Qxe4 34.Rxe4 Bf5 35.Rexc4 Rd7
36.Rc7 Rb7 37.Rxb7 Rxb7 38.d6 Rd7 39.Rc7 Rxd6 40.Rxf7 Bd7 41.Ne5 Bb5 42.Rxa7
Rd1+ 43.Kh2 Rd2 44.Kg3 {#r} 1-0

[Event "TCh-BLR 2017"]
[Site "Minsk BLR"]
[Date "2017.05.11"]
[Round "4.2"]
[White "Podolchenko,E"]
[Black "Podobedov,F"]
[Result "1-0"]
[WhiteElo "2398"]
[BlackElo "2189"]

1.d4 Nf6 2.g3 g6 3.Bg2 Bg7 4.e4 d6 5.Ne2 O-O 6.O-O c6 7.a4 Na6 8.h3 e5 9.Be3
Re8 10.Nbc3 Qa5 11.Qd2 c5 12.dxe5 dxe5 13.Rfd1 Nb4 14.Nb5 Nd7 15.c3 Na6 16.b4
Qb6 17.Nd6 Re7 18.b5 {#r} 1-0

[Event "Nakhchivan Open 2017"]
[Site "Nakhchivan AZE"]
[Date "2017.05.10"]
[Round "8.12"]
[White "Rzayev,B"]
[Black "Muradli,Mahammad"]
[Result "0-1"]
[WhiteElo "2398"]
[BlackElo "2325"]

1.e4 c5 2.Nf3 d6 3.d4 cxd4 4.Nxd4 Nf6 5.Nc3 a6 6.h3 e6 7.g4 Be7 8.g5 Nfd7
9.Be3 O-O 10.h4 Nc6 11.Qd2 Nde5 12.Be2 Nxd4 13.Bxd4 Nc6 14.Be3 b5 15.a3 Qa5
16.O-O Bb7 17.f4 Qc7 18.h5 Rad8 19.g6 fxg6 20.hxg6 Rf6 21.gxh7+ Kh8 22.Bf3
Rg6+ 23.Kh1 Rh6+ 24.Kg2 Na5 25.Qe2 Nc4 26.Bc1 Rg6+ 27.Kh1 Rh6+ 28.Kg2 d5
29.Rh1 Rg6+ 30.Kf1 d4 31.Nd1 Rf8 32.b3 Rxf4 33.Rh3 Rf8 34.bxc4 Rg3 35.Nf2
Rfxf3 36.Rh2 Rf8 37.cxb5 Re3 38.Qh5 Qc4+ 39.Kg2 Bxe4+ 40.Nxe4 Qf1# 0-1

[Event "Lviv Rapid Cup 2017"]
[Site "Lviv UKR"]
[Date "2017.05.09"]
[Round "10.9"]
[White "Matviishen,Viktor"]
[Black "Bortnik,N"]
[Result "0-1"]
[WhiteElo "2398"]
[BlackElo "2417"]

1.d4 d6 2.c4 e5 3.Nc3 Nd7 4.Nf3 Ngf6 5.g3 g6 6.Bg2 Bg7 7.O-O O-O 8.b3 Re8
9.Bb2 c6 10.dxe5 dxe5 11.Nd2 Nc5 12.b4 Ne6 13.Nde4 Nxe4 14.Nxe4 Qe7 15.c5 Rd8
16.Nd6 Nd4 17.e3 Nb5 18.Nxc8 Raxc8 19.Qc2 Nc7 20.Rfd1 Rxd1+ 21.Rxd1 Rd8 22.Rd2
Kf8 23.h4 h5 24.Qd1 Ke8 25.Rd6 Nb5 26.Rxd8+ Qxd8 27.Qc2 Nc7 28.a4 a6 29.f4 Nd5
30.Qb3 f6 31.fxe5 fxe5 32.b5 axb5 33.axb5 Ne7 34.bxc6 bxc6 35.Qe6 Qd7 36.Qb3
Qc7 37.Be4 Qa5 38.Qc2 Kf7 39.Kf2 Bf6 40.Qc3 Qa4 41.Bc2 Qg4 42.Bb3+ Kg7 43.Qc4
Qf5+ 44.Ke2 Nd5 45.Qa4 Ne7 46.e4 Qh3 47.Bc1 Qg2+ 48.Kd3 Qxg3+ 49.Be3 Bxh4
50.Qc4 Qf3 51.Qe6 Qf6 52.Qd7 Bg5 53.Bxg5 Qxg5 54.Ba4 h4 55.Bxc6 h3 56.Qxh3
Nxc6 57.Qd7+ Ne7 58.c6 Qg3+ 59.Kc4 Qa3 60.c7 Kf7 61.Kb5 Qa8 62.Kb6 Qc8 63.Qd8
Qe6+ 64.Kb7 Qc6+ 65.Ka7 g5 66.Qb8 Qa4+ 67.Kb6 Qb4+ 68.Ka6 Qc4+ 69.Kb6 g4
70.Qd8 Qc6+ 71.Ka7 g3 {#R} 0-1

[Event "Lviv Rapid Cup 2017"]
[Site "Lviv UKR"]
[Date "2017.05.09"]
[Round "13.12"]
[White "Matviishen,Viktor"]
[Black "Golichenko,I"]
[Result "0-1"]
[WhiteElo "2398"]
[BlackElo "2413"]

1.e4 c5 2.Nf3 d6 3.d4 cxd4 4.Nxd4 Nf6 5.f3 a6 6.c4 e6 7.Nc3 b6 8.Be3 Bb7 9.Qd2
Nbd7 10.Be2 Be7 11.O-O O-O 12.Rfd1 Qc7 13.Rac1 Rac8 14.a3 Qb8 15.b4 Rfe8
16.Kh1 Ne5 17.Na4 Bd8 18.Bg1 Bc7 19.Rc2 h5 20.Qg5 Ng6 21.Qd2 h4 22.b5 a5
23.Nc6 Bxc6 24.bxc6 h3 25.Rb2 hxg2+ 26.Kxg2 d5 27.Nxb6 Bxb6 28.Rxb6 Qe5 29.Bd4
Qc7 30.c5 e5 31.Be3 dxe4 32.fxe4 Nxe4 33.Qd7 Re7 34.Qxc7 Rexc7 35.Bg4 f5
36.Bh5 Ne7 37.Rd7 Nf6 38.Rxc7 Rxc7 39.Be2 Nfd5 40.Bc4 Kh7 41.Bg5 Nxb6 42.cxb6
Rxc6 43.Bxe7 Rxb6 44.Kf3 Rc6 45.Bd5 Rc7 46.Bg5 Rc3+ 47.Kg2 Rxa3 48.Be7 Rd3
49.Bc4 Rd2+ 50.Kg3 a4 51.Be6 Kg6 52.h4 a3 53.Bb4 a2 54.h5+ Kf6 {#R} 0-1

[Event "ch-ISL 2017"]
[Site "Hafnarfjordur ISL"]
[Date "2017.05.14"]
[Round "4.1"]
[White "Thorfinnsson,Bj"]
[Black "Gislason,G"]
[Result "1-0"]
[WhiteElo "2407"]
[BlackElo "2336"]

1.d4 g6 2.e4 Bg7 3.Nc3 d6 4.Be3 a6 5.a4 b6 6.Bd3 c5 7.Nge2 Nc6 8.e5 d5 9.dxc5
bxc5 10.Bxc5 Bxe5 11.b4 Nf6 12.b5 Nb8 13.Bd4 Bxd4 14.Nxd4 O-O 15.O-O e5 16.Nb3
Qc7 17.Nxd5 Nxd5 18.Qf3 axb5 19.Qxd5 Rxa4 20.Qxb5 Rxa1 21.Rxa1 Nd7 22.c4 Rd8
23.Be2 Nf6 24.Ra8 Kg7 25.h3 e4 26.Qa5 Qe7 27.Qb6 Rd6 28.Qc5 Be6 29.Qe5 Qc7
30.Nd4 Qd7 31.Nb5 Rc6 32.Ra7 Qd2 33.Nd4 Qc1+ 34.Kh2 {#r} 1-0

[Event "TCh-BLR 2017"]
[Site "Minsk BLR"]
[Date "2017.05.13"]
[Round "6.1"]
[White "Nikitenko,M"]
[Black "Minald,Andrey"]
[Result "1-0"]
[WhiteElo "2408"]
[BlackElo "2072"]

1.e4 c5 2.Nf3 d6 3.d4 cxd4 4.Nxd4 Nf6 5.Nc3 a6 6.Nb3 e6 7.g4 Be7 8.Bg2 Nc6
9.g5 Nd7 10.h4 Qc7 11.Be3 b5 12.f4 Bb7 13.Qg4 Nb6 14.O-O-O b4 15.Nd5 exd5
16.exd5 Nc4 17.dxc6 Nxe3 18.Qf3 Nxg2 19.cxb7 Rb8 20.Qxg2 Qxb7 21.Qxb7 Rxb7
22.Rhe1 Kd8 23.Na5 Rc7 24.Re4 Kd7 25.Rxb4 h6 26.Nc4 hxg5 27.hxg5 f6 28.Nb6+
Ke6 29.Nd5 Rd7 30.Re4+ Kf7 31.g6+ Kf8 32.Rde1 {#r} 1-0

[Event "Asian Juniors 2017"]
[Site "Shiraz IRI"]
[Date "2017.05.09"]
[Round "8.3"]
[White "Tahbaz,Arash"]
[Black "Taalaibekov,Tagir"]
[Result "1-0"]
[WhiteElo "2409"]
[BlackElo "2213"]

1.e4 e6 2.d4 d5 3.Nd2 c5 4.dxc5 Bxc5 5.Bd3 Nc6 6.Ngf3 Nf6 7.O-O O-O 8.a3 Qc7
9.Qe2 h6 10.c3 a5 11.b3 b6 12.Bb2 Nh5 13.g3 Nf6 14.c4 dxe4 15.Nxe4 Nxe4
16.Qxe4 f5 17.Qe2 e5 18.Bxe5 Nxe5 19.Qxe5 Qxe5 20.Nxe5 Bd4 21.Rae1 f4 22.Be4
fxg3 23.hxg3 Bh3 24.Bd5+ Kh7 25.Bxa8 Rxa8 26.Re4 Bc5 27.Ra1 Bf5 28.Re2 Re8
29.Kg2 Bd3 30.Ree1 Bc2 31.Nd7 Rxe1 32.Rxe1 Bxa3 33.Re3 g5 34.Nxb6 Bc5 35.Rc3
Be4+ 36.f3 Bc6 37.Nd5 Kg7 38.Rc2 a4 39.b4 Bd4 40.Ra2 h5 41.b5 Bd7 42.Rxa4 h4
43.Ra6 Bc8 44.Rc6 Bf5 45.b6 Be5 46.b7 g4 47.gxh4 Bd7 48.Rc8 gxf3+ 49.Kxf3 {#r}
1-0

[Event "Asian Juniors 2017"]
[Site "Shiraz IRI"]
[Date "2017.05.10"]
[Round "9.5"]
[White "Khodashenas,M"]
[Black "Kumar,G"]
[Result "1-0"]
[WhiteElo "2410"]
[BlackElo "2176"]

1.c4 e5 2.Nc3 Bb4 3.g3 Bxc3 4.bxc3 d6 5.Bg2 Ne7 6.d4 Nbc6 7.Nf3 f6 8.Ba3 O-O
9.O-O Qe8 10.c5 d5 11.c4 e4 12.Nd2 f5 13.e3 Be6 14.g4 Qg6 15.f3 exf3 16.Rxf3
Qxg4 17.Qf1 dxc4 18.Rg3 Qh5 19.Bb2 Nd5 20.Qxc4 Qf7 21.e4 Ne3 22.Qc3 f4 23.Rxe3
fxe3 24.Qxe3 Rae8 25.Qg3 Bc8 26.d5 Ne7 27.Rf1 Qg6 28.Rxf8+ Kxf8 29.Qc3 Kg8
30.Nc4 Rf8 31.Ne5 Qh6 32.Qb3 Kh8 33.d6 Be6 34.dxe7 Re8 35.Nf7+ Bxf7 36.Qxf7
Qe3+ 37.Kf1 Qd3+ 38.Kf2 Qd2+ 39.Kf3 Qd1+ 40.Kg3 Qe1+ 41.Kg4 Qd1+ 42.Kh3 Qd7+
43.Kg3 Rg8 44.Bf1 {#r} 1-0

[Event "Asian Juniors 2017"]
[Site "Shiraz IRI"]
[Date "2017.05.10"]
[Round "9.4"]
[White "Harsha,B"]
[Black "Tahbaz,Arash"]
[Result "0-1"]
[WhiteElo "2413"]
[BlackElo "2409"]

1.e4 c5 2.Nf3 e6 3.b3 d6 4.Bb2 Nf6 5.Bb5+ Nbd7 6.Bd3 Be7 7.O-O O-O 8.Re1 b6
9.Bf1 Bb7 10.Nc3 d5 11.e5 Ne4 12.Ne2 Ng5 13.Nf4 d4 14.Nxg5 Bxg5 15.Qg4 Bh6
16.Bb5 Kh8 17.h4 a6 18.Bxd7 Qxd7 19.d3 Rae8 20.Bc1 f6 21.Nh5 Bxc1 22.Raxc1 Qf7
23.Nf4 fxe5 24.Nh3 Qf5 25.Qg3 e4 26.dxe4 Bxe4 27.f3 Bd5 28.Re5 Qf6 29.Rce1 b5
30.Qg4 h6 31.Nf2 a5 32.a3 Rc8 33.Nh3 Rc7 34.Qg3 Rc6 35.Qg4 Rc7 36.Qg3 Ra7
37.Qg4 a4 38.b4 cxb4 39.Qxd4 Rc7 40.Qxb4 Rxc2 41.Nf2 Rc4 42.Qxb5 Rxh4 43.Qc5
Qf4 44.Ng4 Bxf3 45.gxf3 Qg3+ {#R} 0-1

[Event "Lviv Rapid Cup 2017"]
[Site "Lviv UKR"]
[Date "2017.05.09"]
[Round "9.4"]
[White "Golichenko,I"]
[Black "Mamedov,Rau"]
[Result "0-1"]
[WhiteElo "2413"]
[BlackElo "2689"]

1.d4 d6 2.c4 e5 3.d5 f5 4.Nc3 Nf6 5.g3 g6 6.Bg2 Bg7 7.e4 O-O 8.Nge2 fxe4
9.Nxe4 Nxe4 10.Bxe4 Bh3 11.Be3 Nd7 12.Nc3 Nf6 13.Bf3 e4 14.Be2 Qd7 15.Qd2 Ng4
16.Bxg4 Bxg4 17.Ne2 b5 18.c5 dxc5 19.Bxc5 Rf5 20.Nc3 Bf3 21.Rg1 Bxc3 22.Qxc3
Rxd5 23.Qb3 Rd8 24.Bb4 Qf7 {#R} 0-1

[Event "Nakhchivan Open 2017"]
[Site "Nakhchivan AZE"]
[Date "2017.05.10"]
[Round "8.3"]
[White "Grinev,V"]
[Black "Beradze,I"]
[Result "1-0"]
[WhiteElo "2414"]
[BlackElo "2472"]

1.Nf3 d5 2.c4 c6 3.e3 Nf6 4.Nc3 e6 5.d4 Nbd7 6.Qc2 Bd6 7.Bd3 O-O 8.O-O Qe7
9.Rd1 Re8 10.c5 Bb8 11.e4 e5 12.exd5 cxd5 13.Re1 Qf8 14.dxe5 Nxe5 15.Nxe5 Rxe5
16.Be3 Qe7 17.Qd2 Rh5 18.h3 Be6 19.Be2 Rh4 20.Bf1 Qc7 21.g3 Rh5 22.Bd4 Qd8
23.Rad1 Bc7 24.b4 Qd7 25.Bxf6 gxf6 26.Bg2 Rd8 27.g4 Re5 28.Rxe5 Bxe5 29.Nxd5
Bxd5 30.Qxd5 Qxd5 31.Rxd5 Rxd5 32.Bxd5 b6 33.Kf1 bxc5 34.bxc5 Kf8 35.Ke2 h6
36.Kd3 Ke7 37.Kc4 Kd7 38.Bxf7 Bh2 39.Kd5 Bg1 40.f3 Ke7 41.Be6 Bf2 42.c6 Bg3
43.Bd7 Bc7 44.Ke4 Bd6 45.Kf5 Bc7 46.Kg6 Bf4 47.Bf5 Kd6 48.Kxf6 Kxc6 49.h4 Bg3
50.Kg6 Kd6 51.Kxh6 Ke5 52.Kg5 a5 53.h5 Bf4+ 54.Kg6 Kd6 55.h6 Ke7 56.Kg7 {#r}
1-0

[Event "Nakhchivan Open 2017"]
[Site "Nakhchivan AZE"]
[Date "2017.05.09"]
[Round "7.7"]
[White "Grinev,V"]
[Black "Maiorov,N1"]
[Result "1-0"]
[WhiteElo "2414"]
[BlackElo "2527"]

1.d4 Nf6 2.c4 e6 3.Nc3 Bb4 4.e3 Bxc3+ 5.bxc3 c5 6.Bd3 d6 7.Ne2 Nc6 8.O-O e5
9.Ng3 O-O 10.d5 Ne7 11.f4 exf4 12.exf4 Nd7 13.Qc2 h6 14.a4 Kh8 15.Bd2 b6
16.Rae1 Nf6 17.f5 Neg8 18.Qd1 Rb8 19.Nh1 Ba6 20.Bf4 Qd7 21.g4 Rbe8 22.h4 Rxe1
23.Rxe1 Re8 24.Rxe8 Qxe8 25.Nf2 Qe7 26.g5 Nd7 27.f6 gxf6 28.gxh6 Qf8 29.Bb1
Ne7 30.Bxd6 Qg8+ 31.Qg4 Ng6 32.Kh1 Nde5 33.Qf5 Qd8 34.Bc7 Qe7 35.d6 Bb7+
36.Kh2 {#r} 1-0

[Event "German Club Cup Final"]
[Site "Dresden GER"]
[Date "2017.05.14"]
[Round "2.1"]
[White "Boguslavskyy,O"]
[Black "Gustafsson,J"]
[Result "0-1"]
[WhiteElo "2416"]
[BlackElo "2637"]

1.e4 c6 2.d4 d5 3.e5 Bf5 4.h4 c5 5.g4 Bd7 6.Nc3 cxd4 7.Qxd4 Nc6 8.Qxd5 Bxg4
9.Bh3 Bxh3 10.Rxh3 Qxd5 11.Nxd5 O-O-O 12.Nf4 Nxe5 13.Bd2 Nc6 14.O-O-O e5
15.Nfe2 Nf6 16.Nf3 Bc5 17.Rg1 Ne4 18.Rxg7 Nxf2 19.Rh2 e4 20.b4 exf3 21.bxc5
Ne4 22.Ng3 f2 23.Be3 Rhg8 {#R} 0-1

[Event "16th Asian Continental w"]
[Site "Chengdu CHN"]
[Date "2017.05.14"]
[Round "3.5"]
[White "Munguntuul,B"]
[Black "Zhang,Lanlin"]
[Result "1-0"]
[WhiteElo "2431"]
[BlackElo "2067"]

1.e4 e5 2.Nf3 Nc6 3.Bb5 a6 4.Ba4 Nf6 5.O-O b5 6.Bb3 Be7 7.Qe2 d6 8.c3 Na5
9.Bc2 c5 10.d4 Qc7 11.d5 O-O 12.Re1 g6 13.b3 Nh5 14.Bh6 Ng7 15.Nbd2 Bd7 16.Nf1
c4 17.b4 Nb7 18.a4 a5 19.axb5 axb4 20.cxb4 Bxb5 21.Ne3 Rfc8 22.Rxa8 Rxa8
23.Nd2 Ra2 24.Ndxc4 Nh5 25.g3 Nf6 26.Qd3 Qc8 27.Qb3 Ra7 28.Kg2 Nd8 29.Bd3 Qb8
30.Rb1 Nd7 31.Na5 Rc7 32.h4 f6 33.Nc6 {#r} 1-0